Responses for Show #6530 - Friday, January 25, 2013

Joshua Brakhage game 3.

Contestants

[<< previous game]

Sean Link, a non-profit communications coordinator originally from Terryville, Connecticut

Lauren Thomas, a server originally from Owensboro, Kentucky

Joshua Brakhage, a TV news producer originally from South Coffeyville, Oklahoma (whose 2-day cash winnings total $40,006)

[next game >>]

Jeopardy! Round responses

DEM BONES
GEOGRAPHIC BANDS
AT THE WEBSITE OF THE CABINET DEPT.
EUROPEAN HISTORY
"ITCH"Y
SCRATCHY
    $200 26
ribs

Lauren
    $200 11
Tijuana

Lauren
    $200 1
(Sean: What is the Department of State?)

the Defense Department

LaurenSean
    $200 6
Norway

Sean
    $200 16
a snitch

Joshua
    $200 21
(Sean: What is the eight ball?)

the cue ball

JoshuaSean
    $400 27
cheek bones

Joshua
    $400 12
Springfield

Joshua
    $400 2
Education

Lauren
    $400 7
(Lauren: What is Venice?)

Florence

LaurenSean
    $400 17
to ditch

Sean
    $400 22
cat scratch

Lauren
    $1,400 28
the atlas

Joshua
    $600 13
Hollywood

Lauren
    $600 3
Transportation

Lauren
    $600 8
(Lauren: Who is Charles?)

Oliver Cromwell

Lauren
Triple Stumper
    $600 18
bewitch

Sean
    $600 23
a scalpel

Sean
    $800 29
the humerus

Joshua
    $800 14
Manhattan

Joshua
    $800 4
Health & Human Services

Lauren
    $800 9
Lech Wałęsa

Sean
    $800 19
Hitchhiker's Guide to the Galaxy

Joshua
    $800 24
a back scratcher

Joshua
    $1000 30
the ilium

Sean
    $1000 15
Africa

Joshua
    $1000 5
the Interior

Sean
    $1000 10
Crete

Sean
    $1000 20
the pitch

Joshua
    $1000 25
78

Lauren

Scores at the first commercial break (after clue 15):

Joshua Lauren Sean
$2,200 $1,800 $3,200

Scores at the end of the Jeopardy! Round:

Joshua Lauren Sean
$7,800 $3,400 $5,600

Double Jeopardy! Round responses

small state capitals
WHAT'S ON TV?
NAME THE POET
THAT'S A CLOWN QUESTION, BRO
A HOUSE IN LONDON
A, B, C, D, E & THAT'S ALL
(Alex: Only those letters have possibilities as coming up in the final correct response.)
    $400 2
Harrisburg

Lauren
    $400 1
(Sean: What is Duet?)
(Alex: That's it.)
(Sean: [Selecting] Um...)
(Alex: [Apparently getting a signal from the judges] No...)
...
(Alex: I didn't hear Sean drop the "S.")

Duets

JoshuaSean
    $400 18
(Alex: [*], "The Raven".)

(Edgar Allan) Poe

Sean
    $400 16
Krusty

Joshua
    $400 26
(Lauren: What is Hanover?)
...
(Alex: It's in the [*] style for all the Georges.)

Georgian

Lauren
Triple Stumper
    $400 11
a bed

Sean
    $800 3
Juneau (Alaska)

Joshua
    $800 7
Unforgettable

Joshua
    $800 19
Robert Frost

Sean
    $800 17
Ronald McDonald

Lauren
    $800 27
a couch

Joshua
    $800 12
cab

Joshua
    $1200 4
Pierre

Sean
    $1200 8
Smash

Joshua
    $2,000 20
(Sean: Who is Keats?)
(Alex: No. The poem is "Trees", and the poet is [*].)

Joyce Kilmer

Sean
    $1200 23
Picasso

Sean
    $1200 28
the Duke of Wellington

Triple Stumper
    $1200 13
ebb

Joshua
    $1600 5
Helena

Joshua
    $1600 9
The Good Wife

Joshua
    $1600 21
(Alex: "Glory, glory, hallelujah"--[*].)

Julia Ward Howe

Triple Stumper
    $1600 24
(Sean: Who is Leonard Bernstein?)

Stephen Sondheim

Sean
Triple Stumper
    $1600 29
Handel

Lauren
    $1600 14
cede

Joshua
    $4,400 6
(Joshua: What is Boise?)
...
(Alex: [*] and DuPont closely associated.)

Dover, Delaware

Joshua
    $2000 10
The Client List

Triple Stumper
    $2000 22
William Carlos Williams

Lauren
    $2000 25
(Marcel) Marceau

Lauren
    $2000 30
Spencer

Sean
    $2000 15
an edda

Triple Stumper

Scores at the end of the Double Jeopardy! Round:

Joshua Lauren Sean
$14,600 $9,800 $7,600

[wagering suggestions for these scores]

Final Jeopardy! Round responses

MUSICAL THEATRE
(Alex: Who are the luckiest people? What Broadway show?)
...
(Alex: "People, people who need people, are the luckiest people in the world." That's from [*].)
SeanWhat is Yentl
$2,000
LaurenWhat is ?
$9,799
JoshuaWhat is The Rose?
$5,001
Funny Girl

Final scores:

Joshua Lauren Sean
$9,599 $1 $5,600
3-day champion: $49,605 3rd place: $1,000 2nd place: $2,000

Game dynamics:

Coryat scores:

Joshua Lauren Sean
$18,200 $9,800 $9,600
22 R
(including 1 DD),
1 W
(including 1 DD)
14 R,
3 W
15 R,
5 W
(including 1 DD)

Combined Coryat: $37,600

[game clues] [game scores] [suggest correction]

Game tape date: 2012-10-23
The J! Archive is created by fans, for fans. Scraping, republication, monetization, and malicious use prohibited; this site may use cookies and collect identifying information. See terms. The Jeopardy! game show and all elements thereof, including but not limited to copyright and trademark thereto, are the property of Jeopardy Productions, Inc. and are protected under law. This website is not affiliated with, sponsored by, or operated by Jeopardy Productions, Inc. Join the discussion at JBoard.tv.